Faith, reason, and the plague: a Tuscan story of seventeenth century (Record no. 211821)

MARC details
000 -LEADER
fixed length control field 00403nam a2200145Ia 4500
008 - FIXED-LENGTH DATA ELEMENTS--GENERAL INFORMATION
fixed length control field 230917s9999||||xx |||||||||||||| ||und||
040 ## - CATALOGING SOURCE
-- 36567
Original cataloging agency VIVEKANANDA LIBRARY
041 ## - Language
-- English
082 ## - DDC NUMBER
Classification number 954.01 C495F
100 ## - MAIN ENTRY--PERSONAL NAME
Personal name Cipolla,Carlo M
245 #0 - TITLE STATEMENT
Title Faith, reason, and the plague: a Tuscan story of seventeenth century
260 ## - PUBLICATION, DISTRIBUTION, ETC. (IMPRINT)
Place of publication, distribution, etc Great Britain
Name of publisher, distributor, etc Harvester Press
Date of publication, distribution, etc 1979
300 ## - PHYSICAL DESCRIPTION
Pages 113 p.
942 ## - ADDED ENTRY ELEMENTS (KOHA)
Koha item type Books
Holdings
Withdrawn status Lost status Damaged status Not for loan Location (home branch) Sublocation or collection (holding branch) Date acquired Koha issues (times borrowed) Koha full call number Accession No. Koha date last seen Koha item type
        VIVEKANANDA LIBRARY VIVEKANANDA LIBRARY 29/08/2002   954.01 C495F 74768 17/09/2023 Books
© Designed and Maintained by Vivekananda Library, MDU Rohtak